Villes de naissance et décès des présidents français - Statistiques

Statistiques générales
  • Ce quiz a été pris 179 fois
    105 depuis la dernière actualisation
  • Le résultat moyen est 26 sur 47
Statistiques - réponses
Présidents Départements Villes % Correct
Louis-Napoléon Bonaparte Paris Paris
99%
Jean Casimir-Perier Paris Paris
99%
Jean Casimir-Perier Paris Paris
99%
Félix Faure Paris Paris
99%
Félix Faure Paris Paris
99%
Raymond Poincaré Paris Paris
99%
Paul Deschanel Paris Paris
99%
Alexandre Millerand Paris Paris
99%
Paul Doumer Paris Paris
99%
Albert Lebrun Paris Paris
99%
Vincent Auriol Paris Paris
99%
Georges Pompidou Paris Paris
99%
François Mitterrand Paris Paris
99%
Jacques Chirac Paris Paris
99%
Jacques Chirac Paris Paris
99%
Nicolas Sarkozy Paris Paris
99%
Adolphe Thiers Bouches-du-Rhône Marseille
90%
Sadi Carnot Rhône Lyon
85%
Charles de Gaulle Nord Lille
81%
Louis-Napoléon Bonaparte Royaume-Uni Londres
77%
Emmanuel Macron Somme Amiens
74%
François Hollande Seine-Maritime Rouen
72%
René Coty Seine-Maritime Le Havre
65%
René Coty Seine-Maritime Le Havre
65%
Alexandre Millerand Seine-et-Oise Versailles
65%
Charles de Gaulle Haute-Marne Colombey-les-Deux-Églises
57%
Paul Doumer Cantal Aurillac
50%
Sadi Carnot Haute-Vienne Limoges
40%
François Mitterrand Charente Jarnac
38%
Raymond Poincaré Meuse Bar-le-Duc
28%
Valéry Giscard d'Estaing Allemagne Coblence
28%
Émile Loubet Drôme Montélimar
26%
Georges Pompidou Cantal Montboudif
17%
Adolphe Thiers Yvelines Saint-Germain-en-Laye
14%
Patrice de Mac Mahon Saône-et-Loire Autun
10%
Valéry Giscard d'Estaing Loir-et-Cher Authon
7%
Gaston Doumergue Gard Aigues-Vives
3%
Gaston Doumergue Gard Aigues-Vives
3%
Albert Lebrun Moselle Mercy-le-Haut
3%
Paul Deschanel Belgique Schaerbeek
3%
Émile Loubet Drôme Marsanne
2%
Armand Fallières Lot-et-Garonne Mézin
2%
Jules Grévy Jura Mont-sous-Vaudrey
2%
Jules Grévy Jura Mont-sous-Vaudrey
2%
Vincent Auriol Haute-Garonne Revel
2%
Patrice de Mac Mahon Saône-et-Loire Sully
2%
Armand Fallières Lot-et-Garonne Villeneuve-de-Mézin
0%
Aucun quiz correspondant
Distribution des résultats
% des personnes avec chaque résultat
Percentile par nombre de réponses
Votre historique - résultats
Vous n’avez pas pris ce quiz depuis la dernière actualisation